Political geography / (Record no. 4324)
[ view plain ]
| 000 -LEADER | |
|---|---|
| fixed length control field | 00671nam a2200241 a 4500 |
| 001 - CONTROL NUMBER | |
| control field | 4324 |
| 003 - CONTROL NUMBER IDENTIFIER | |
| control field | BD-JhCC |
| 005 - DATE AND TIME OF LATEST TRANSACTION | |
| control field | 20171126135941.0 |
| 008 - FIXED-LENGTH DATA ELEMENTS--GENERAL INFORMATION | |
| fixed length control field | 500101s1963 us a b 001 0 eng d |
| 010 ## - LIBRARY OF CONGRESS CONTROL NUMBER | |
| LC control number | LC 71-174625 |
| 035 ## - SYSTEM CONTROL NUMBER | |
| System control number | (BD-JhCC)4324 |
| 040 ## - CATALOGING SOURCE | |
| Original cataloging agency | English |
| Transcribing agency | BD-JhCC |
| Modifying agency | BD-JhCC |
| 050 #0 - LIBRARY OF CONGRESS CALL NUMBER | |
| Classification number | G141 |
| Item number | P6 1972 |
| 082 ## - DEWEY DECIMAL CLASSIFICATION NUMBER | |
| Classification number | 911 |
| Item number | POU 1963 |
| 092 ## - LOCALLY ASSIGNED DEWEY CALL NUMBER (OCLC) | |
| Classification number | D0501134949 |
| 100 1# - MAIN ENTRY--PERSONAL NAME | |
| Personal name | Pounds, Norman John Greville. |
| 245 10 - TITLE STATEMENT | |
| Title | Political geography / |
| Statement of responsibility, etc. | Norman J.G. Pounds. |
| 260 ## - PUBLICATION, DISTRIBUTION, ETC. | |
| Place of publication, distribution, etc. | New York : |
| Name of publisher, distributor, etc. | McGraw-Hill Book Co, |
| Date of publication, distribution, etc. | 1963. |
| 300 ## - PHYSICAL DESCRIPTION | |
| Extent | viii, 422 p. : |
| Other physical details | ill. ; |
| Dimensions | 24 cm. |
| 504 ## - BIBLIOGRAPHY, ETC. NOTE | |
| Bibliography, etc. note | Includes bibliographies. |
| 650 #0 - SUBJECT ADDED ENTRY--TOPICAL TERM | |
| Topical term or geographic name entry element | Political geography. |
| 942 ## - ADDED ENTRY ELEMENTS (KOHA) | |
| Source of classification or shelving scheme | Dewey Decimal Classification |
| Koha item type | Books |
| Withdrawn status | Lost status | Source of classification or shelving scheme | Damaged status | Not for loan | Home library | Current library | Shelving location | Date acquired | Total Checkouts | Full call number | Barcode | Date last seen | Copy number | Price effective from | Koha item type |
|---|---|---|---|---|---|---|---|---|---|---|---|---|---|---|---|
| Dewey Decimal Classification | JCC Rouf Library | JCC Rouf Library | General Stacks | 11/26/2017 | 911 POU 1963 | 5902 | 11/26/2017 | C-1 | 11/26/2017 | Books |